01426nam a2200229 i 450000100060000000300090000600500170001500700030003200800410003510000550007624500750013126000470020630000090025350505430026265100590080565100580086471000520092271000580097485200220103299900170105495201250107139649ES-MaACL20250725093848.0t|030303q1869 sp ||||1| spa d1 aCánovas del Castillo, Antonio,d1828-189793460010aDiscursos parlamentarios 1867-1869 / cAntonio Cánovas del Castillo. aMadrid : b[s.n., c1869] (fDiego Valero) a1 v.8 aContiene: Discurso pronunciado en la sesión del Congreso el día 11 de abril de 1867 ; Discurso pronunciado en la sesión del Congreso el día 5 de junio de 1867 ; Discurso pronunciado en la sesión del Congreso el día 15 de junio de 1867 contra el proyecto de reglamento ; Discurso pronunciado en la sesión del Congreso el día 3 de julio de 1867 en contra del proyecto de arreglo de las deudas ; Discurso pronunciado en la sesión del día 8 de abril de 1869 de las Cortes Constituyentes sobre el proyecto de Constitución 7aEspaña-xPolítica y gobierno-y1843-186829168642 4aEspaña-xPolítica y gobierno-y1868-1874.91748891 aEspaña. bCortes Generales. bCongreso.936711 aEspaña. bCortes Constituyentes (1869-1871)91727204 aES-MaACLjF-12907 c39649d39649 001040708LIBXIXaATENEOMbATENEOMcSPP2d2008-01-17eSCl0oF-12907p1041757r2023-02-23 00:00:00w2023-02-23yMONANT